Guess the 1980s song lyrics #4 - Statistics

General Stats
  • This quiz has been taken 167 times
  • The average score is 56 of 94
Answer Stats
% Correct
I
99%
I
99%
I
99%
I
99%
the
93%
the
93%
the
93%
the
93%
you
90%
you
90%
you
90%
to
84%
to
84%
to
84%
to
84%
to
84%
to
84%
and
83%
and
83%
are
73%
are
73%
am
70%
am
70%
of
70%
of
70%
of
70%
of
70%
of
70%
of
70%
Who
70%
Who
70%
be
67%
for
65%
for
65%
want
63%
want
63%
want
63%
want
63%
this
61%
this
61%
Some
58%
Some
58%
Some
58%
Some
58%
your
58%
your
58%
your
58%
your
58%
on
57%
them
57%
them
57%
them
57%
them
57%
by
55%
made
52%
made
52%
Sweet
51%
Sweet
51%
disagree
50%
disagree
50%
dreams
50%
dreams
50%
world
50%
world
50%
seas
49%
seas
49%
seven
49%
seven
49%
travel
49%
travel
49%
looking
47%
looking
47%
abuse
44%
get
44%
something
44%
something
44%
use
43%
abused
41%
Everybody's
41%
Everybody's
41%
used
38%
head
30%
head
30%
head
30%
head
30%
up
30%
up
30%
up
30%
up
30%
Hold
29%
Hold
29%
Keep
27%
Keep
27%
moving
24%
No matching quizzes found
Score Distribution
Percent of People with Each Score
Percentile by Number Answered
Your Score History
You have not taken this quiz